000 00957cam a2200253 a 4500
001 2537
005 20250428144520.0
020 _a9780590438292
040 _aDLC
_cDLC
_dDLC
_beng
050 0 0 _aJV6484.L49
082 0 0 _a325.73
100 1 _aLevine, Ellen
245 1 0 _aIf your name was changed at Ellis Island /
_cby Ellen Levine ; illustrated by Wayne Parmenter
250 _aThis edition first printing, September 2006
260 _aNew York :
_bScholastic,
_c1993
300 _a80 pages :
_bcolor illustrations ;
_c20 cm
505 _aW
520 _aDescribes, in question and answer format, the great migration of immigrants to New York's Ellis Island, from the 1880s to 1914. Features quotes from children and adults who passed through the station.
521 _a880
_bLexile
521 _aW
_bRaz-Plus
700 1 _aParmenter, Wayne,
_eillustrator
906 _a7
_bcbc
_corigcop
_d2
_eepcn
_f20
_gy-gencatlg
942 _2ddc
_cBK
_n0
999 _c2537
_d2537